| 000 | 01126nam0a22003131 4500 | ||
|---|---|---|---|
| 001 | v19\rc\1949179 | ||
| 005 | 20251118180912.8 | ||
| 035 | _a(NLR Aleph) 005034298 | ||
| 090 |
_a6724502 _c6724502 |
||
| 100 | _a20251123 rusy50 | ||
| 101 | 0 | _arus | |
| 102 | _aRU | ||
| 105 | _ay z ||||| | ||
| 200 | 1 |
_aПоложение русской торговли и состояние шелководства в Сирии _fЖ. Кассис |
|
| 210 |
_aКиев _cтип. И.И. Чоколова _d1913 |
||
| 215 |
_a32 с. _d23 |
||
| 311 | _aОтт. из журн. "Изв. Киев. коммерч. ин-та" | ||
| 488 | 0 |
_12001#$aИзвестия Киевского коммерческого института _tИзвестия Киевского коммерческого института |
|
| 700 | 1 |
_aКассис _bЖ.Я. |
|
| 801 | 0 |
_aRU _bNLR _gpsbo |
|
| 801 | 0 |
_aRU _bRuMoRGB _2psbo |
|
| 801 | 1 |
_aRU _bProSoft-M _2rusmarc |
|
| 852 |
_aNLR _j20.43.9.786 |
||
| 899 |
_aRuMoRGB _jV 16/1411 |
||
| 899 |
_aRuMoRGB _jU 250/917 |
||
| 899 | _aБАН | ||
| 899 | _aНБ СПбГУ | ||
| 942 | _cBOOK | ||
| 980 | _aNB | ||